000
00218 a2200097 4500
000
nam a22 7a 4500
100
_a
Arothr A MacDonald
_9
25804
245
_a
Sanskrit Vyakaran Pravesika
260
_b
MLBD
942
_c
BK
999
_c
59846
_d
59846